Statistics for A ICE from Karlsruhe to Amsterdam

Click here to take the quiz!

General Stats

  • This quiz has been taken 14 times
  • The average score is 10 of 39

Answer Stats

Answer% Correct
Amsterdam
100%
Karlsruhe
92%
Köln
92%
Bonn
75%
Koblenz
75%
Mainz
75%
Utrecht
67%
Speyer
50%
Arnhem
42%
Germersheim
33%
Mönchengladbach
33%
Nijmegen
33%
Venlo
33%
Bruchsal
25%
Karlsruhe Durlach
25%
Neuwied
25%
Köln Messe Deutz
17%
Königswinter
17%
Viersen
17%
Bonn Beuel
8%
Köln Ehrenfeld
8%
Köln Rodenkirchen
8%
Mainz Hechtsheim
8%
Neustadt an der Weinstraße
8%
Amsterdam Muiderpoort
0%
Amsterdam Zuidost
0%
Cuijk
0%
Elst
0%
Grevenbroich
0%
Idstein
0%
Jüchen
0%
Limburg
0%
Maarssen
0%
Nettetal
0%
Niederkassel
0%
Pulheim
0%
Utrecht Zuilen
0%
Veenendal
0%
Venray
0%

Score Distribution

Percentile by Number Answered

Percent of People with Each Score

Your Score History

You have not taken this quiz